Hacia un socialismo liberal? /

保存先:
書誌詳細
第一著者: Mouffe, Chantal
フォーマット: テキスト
主題:
タグ: タグ追加
タグなし, このレコードへの初めてのタグを付けませんか!

MARC

LEADER 00000 a a2200000 04500
001 4252
003
040
090 |a REV0229 (52) 1992  
100 |a Mouffe, Chantal  
245 |a Hacia un socialismo liberal? /  |c Chantal Mouffe 
650 |a SISTEMAS ECONOMICOS  
650 |a SOCIALISMO  
650 |a LIBERALISMO  
650 |a DUALISMO ECONOMICO  
650 |a POLITICA  
650 |a TEORIA POLITICA  
650 |a IDEOLOGIAS POLITICAS  
773 |g número 52; páginas 39-57  
999 |c 36913  |d 36913